000 00301nam a22001337a 4500
008 170602b xxu||||| |||| 00| 0 eng d
020 _a9781563680182
041 _aeng
080 _a94
100 _a18
101 _aSHH
245 _aTHE HISTORY OF SPECIAL EDUCATION
_cWINZER,M.A
942 _2udc
_cBK
999 _c15835
_d15835